000 00213 a2200097 4500
001 30445
100 _aPAF Kohat
245 _aEnglish training notes
260 _aKohat
_bPAF Base Kohat
_c
090 _c20389
_d20389
942 _aNUST-CAE
_cM
_c11546
999 _c265518
_d265518